书目信息 |
| 题名: |
建筑物下煤炭资源可持续开采战略
|
|
| 作者: | 赵经彻 , 何满潮 著 | |
| 分册: | ||
| 出版信息: | 江苏徐州 中国矿业大学出版社 1997.01 |
|
| 页数: | 327页 | |
| 开本: | 28cm | |
| 丛书名: | ||
| 单 册: | ||
| 中图分类: | TD823.83 | |
| 科图分类: | ||
| 主题词: | 煤矿开采 | |
| 电子资源: | ||
| ISBN: | 7-81040-677-9 | |
| 000 | 00677nam0 2200205 45 | |
| 001 | 0336520531 | |
| 005 | 2003032910084053 | |
| 010 | @a7-81040-677-9@dRMB 188.00 | |
| 100 | @a20030329d1997 km y0chiy0120 ea | |
| 101 | 0 | @achi |
| 200 | 1 | @a建筑物下煤炭资源可持续开采战略@Ajian zhu wu xia mei tan zi yuan ke chi xu kai cai zhan lue@f赵经彻,何满潮著@FZhao Jing Che,He Man Chao Zhu |
| 210 | @a江苏徐州@c中国矿业大学出版社@d1997.01 | |
| 215 | @a327页@d28cm | |
| 300 | @a国家重点自然科学基金资助项目 | |
| 606 | 0 | @a煤矿开采 |
| 690 | @aTD823.83@v3 | |
| 701 | 0 | @a赵经彻@AZhao Jing Che@4著 |
| 701 | 0 | @a何满潮@AHe Man Chao@4著 |
| 801 | 0 | @aCN@bPFT@c20030329 |
| 905 | @a@dTD823.83@eZ300 | |
| 建筑物下煤炭资源可持续开采战略/赵经彻,何满潮著.-江苏徐州:中国矿业大学出版社,1997.01 |
| 327页;28cm |
| 国家重点自然科学基金资助项目 |
| ISBN 7-81040-677-9:RMB 188.00 |
| ● |
| 相关链接 |
|
|
|
正题名:建筑物下煤炭资源可持续开采战略
索取号:TD823.83/Z300
 
预约/预借
| 序号 | 登录号 | 条形码 | 馆藏地/架位号 | 状态 | 备注 |
| 1 | 371175 | 203711750 | 自科库501/501自科库 21排4列5层/ [索取号:TD823.83/Z300] | 在馆 |